LEADER 00981cam0-22003371i-450- 001 990009840830403321 005 20140320132213.0 010 $a88-555-2070-9 035 $a000984083 035 $aFED01000984083 035 $a(Aleph)000984083FED01 035 $a000984083 100 $a20140320d1989----km-y0itaa50------ba 101 0 $aita 102 $aIT 200 1 $aClinica ortopedica$fMario Campanacci$gcon la collaborazione di Roberto Biagini e Laura Campanacci$g[disegni e copertina di Gigliola Gamberini] 205 $a3. ed. 210 $aBologna$cPātron$d1989 215 $a373 p.$cill.$d24 cm 610 0 $aClinica ortopedica 676 $a617.3$v20 700 1$aCampanacci,$bMario$0329440 702 1$aBiagini,$bRoberto 702 1$aCampanacci,$bLaura 801 0$aIT$bUNINA$gREICAT$2UNIMARC 901 $aBK 912 $a990009840830403321 952 $a90 U 9a 9$b603$fFMEBC 959 $aFMEBC 996 $aClinica ortopedica$9826612 997 $aUNINA LEADER 01016nam0-22003371i-450- 001 990003228960403321 010 $a0-88132-056-0 035 $a000322896 035 $aFED01000322896 035 $a(Aleph)000322896FED01 035 $a000322896 100 $a20000920d1987----km-y0itay50------ba 101 0 $aeng 102 $aIT 200 1 $a<>United States and Canada$eThe Quest for Free Trade$eAn Examination of Selected Issues$fPaul Wonnacott$gwith an Appendix by John Williamson. 210 $aWashington$cInstitute for International Economics$d1987. 215 $aXII, 173 p.$d22 cm 225 1 $aPolicy Analyses in International Economics$v16 676 $aF/1.221 676 $aF/1.222 676 $aO/1.35 676 $aO/3.30 702 1$aWonnacott,$bPaul$f<1933- > 801 0$aIT$bUNINA$gRICA$2UNIMARC 901 $aBK 912 $a990003228960403321 952 $aA/71 POL$b7401$fSES 959 $aSES 996 $aUnited States and Canada$9449227 997 $aUNINA DB $aING01 LEADER 03422nam 2200697 a 450 001 9910778259103321 005 20230721031832.0 010 $a1-283-23881-0 010 $a9786613238818 010 $a1-57387-899-5 010 $a1-57387-936-3 035 $a(CKB)1000000000480251 035 $a(EBL)3316126 035 $a(SSID)ssj0000179232 035 $a(PQKBManifestationID)12008895 035 $a(PQKBTitleCode)TC0000179232 035 $a(PQKBWorkID)10246814 035 $a(PQKB)10662583 035 $a(MiAaPQ)EBC3316126 035 $a(Au-PeEL)EBL3316126 035 $a(CaPaEBR)ebr10492819 035 $a(CaONFJC)MIL323881 035 $a(OCoLC)190684607 035 $a(EXLCZ)991000000000480251 100 $a20070720d2007 uy 0 101 0 $aeng 135 $aur|n|---||||| 181 $ctxt 182 $cc 183 $acr 200 00$aInformation tomorrow$b[electronic resource] $ereflections on technology and the future of public and academic libraries /$fedited by Rachel Singer Gordon 210 $aMedford, N.J. $cInformation Today$dc2007 215 $a1 online resource (281 p.) 300 $aDescription based upon print version of record. 311 $a1-57387-303-9 320 $aIncludes bibliographical references and index. 327 $aThe mobile age / Megan K. Fox -- The future of FLOSS in libraries / Daniel Chudnov -- Mouse bites cat : taking back the 21st-century ILS / John Blyberg -- Six years too late : chasing our destiny in the electronic publishing age / Jill Emery -- Academic libraries as scholarly publishers / Dorothea Salo -- Game on! : meeting the needs of gamers in the library / Beth Gallaway -- Thriving in the age of Google / Joseph Janes -- Libraries and the read/write Web / Michael Stephens -- Libraries and privacy / Robert Bocher -- An experience to remember : building positive experiences on library Web sites / David King -- Library 2.0 / Jenny Levine -- Get a second life! : libraries in virtual worlds / Rhonda B. Trueman, Tom Peters, and Lori Bell -- Librarianship + technology + instructional design = blended librarian / John D. Shank and Steven J. Bell -- Training librarians for the future : integrating technology into LIS education / Meredith G. Farkas -- Technophobia, technostress, and technorealism / Jessamyn West -- Reading tea leaves : one past, many futures / Alane Wilson. 606 $aPublic libraries$xInformation technology 606 $aAcademic libraries$xInformation technology 606 $aLibraries and the Internet 606 $aLibraries and electronic publishing 606 $aLibrary users$xEffect of technological innovations on 606 $aPublic libraries$xForecasting 606 $aAcademic libraries$xForecasting 615 0$aPublic libraries$xInformation technology. 615 0$aAcademic libraries$xInformation technology. 615 0$aLibraries and the Internet. 615 0$aLibraries and electronic publishing. 615 0$aLibrary users$xEffect of technological innovations on. 615 0$aPublic libraries$xForecasting. 615 0$aAcademic libraries$xForecasting. 676 $a020.285/4678 686 $a06.60$2bcl 701 $aGordon$b Rachel Singer$01474139 801 0$bMiAaPQ 801 1$bMiAaPQ 801 2$bMiAaPQ 906 $aBOOK 912 $a9910778259103321 996 $aInformation tomorrow$93715518 997 $aUNINA